<?xml version="1.0" encoding="UTF-8"?>
<record
    xmlns:xsi="http://www.w3.org/2001/XMLSchema-instance"
    xsi:schemaLocation="http://www.loc.gov/MARC21/slim http://www.loc.gov/standards/marcxml/schema/MARC21slim.xsd"
    xmlns="http://www.loc.gov/MARC21/slim">

  <leader>00976nam a2200253 a 4500</leader>
  <controlfield tag="001">24732</controlfield>
  <controlfield tag="003">CO-ViMGA</controlfield>
  <controlfield tag="005">20230915232015.0</controlfield>
  <controlfield tag="008">141112s2004    ck      r     000 u spa d</controlfield>
  <datafield tag="015" ind1=" " ind2=" ">
    <subfield code="a">ck - 2010 - xxxx</subfield>
  </datafield>
  <datafield tag="020" ind1=" " ind2=" ">
    <subfield code="a">9789584528179</subfield>
  </datafield>
  <datafield tag="040" ind1=" " ind2=" ">
    <subfield code="a">CO-ViMGA</subfield>
    <subfield code="b">spa</subfield>
    <subfield code="c">CO-ViMGA</subfield>
  </datafield>
  <datafield tag="082" ind1="0" ind2="4">
    <subfield code="a">177.7  R47m</subfield>
  </datafield>
  <datafield tag="100" ind1="1" ind2=" ">
    <subfield code="a">Riso, Walter, 1951 - </subfield>
    <subfield code="9">36912</subfield>
  </datafield>
  <datafield tag="245" ind1="1" ind2="0">
    <subfield code="a">Manual para no morir de amor : </subfield>
    <subfield code="b">diez principios de supervivencia afectiva / </subfield>
    <subfield code="c">Walter Riso.</subfield>
  </datafield>
  <datafield tag="260" ind1=" " ind2=" ">
    <subfield code="a">Bogot&#xE1; : </subfield>
    <subfield code="b">Grupo Editorial Norma, </subfield>
    <subfield code="c">2010.</subfield>
  </datafield>
  <datafield tag="300" ind1=" " ind2=" ">
    <subfield code="a">233 p. ;  23 cm.</subfield>
  </datafield>
  <datafield tag="650" ind1="1" ind2="4">
    <subfield code="a">Amor - Aspectos psicol&#xF3;gicos </subfield>
  </datafield>
  <datafield tag="650" ind1="1" ind2="4">
    <subfield code="a">Desamor - Aspectos psicol&#xF3;gicos</subfield>
    <subfield code="9">36913</subfield>
  </datafield>
  <datafield tag="650" ind1="1" ind2="4">
    <subfield code="a">Relaciones de pareja - Aspectos psicol&#xF3;gicos </subfield>
    <subfield code="9">27949</subfield>
  </datafield>
  <datafield tag="852" ind1=" " ind2=" ">
    <subfield code="1">7.648, 30</subfield>
  </datafield>
  <datafield tag="942" ind1=" " ind2=" ">
    <subfield code="2">ddc</subfield>
    <subfield code="c">BK</subfield>
  </datafield>
  <datafield tag="949" ind1=" " ind2=" ">
    <subfield code="a">c      n</subfield>
  </datafield>
  <datafield tag="999" ind1=" " ind2=" ">
    <subfield code="c">32536</subfield>
    <subfield code="d">32536</subfield>
  </datafield>
  <datafield tag="952" ind1=" " ind2=" ">
    <subfield code="0">0</subfield>
    <subfield code="1">0</subfield>
    <subfield code="2">ddc</subfield>
    <subfield code="4">0</subfield>
    <subfield code="7">0</subfield>
    <subfield code="8">003</subfield>
    <subfield code="a">MEVIECAR</subfield>
    <subfield code="b">MEVIECAR</subfield>
    <subfield code="d">2015-12-04</subfield>
    <subfield code="h">06/mar/2013</subfield>
    <subfield code="l">5</subfield>
    <subfield code="m">4</subfield>
    <subfield code="o">177.7  R47m </subfield>
    <subfield code="p">25564</subfield>
    <subfield code="r">2019-03-23 00:00:00</subfield>
    <subfield code="s">2019-02-22</subfield>
    <subfield code="t">Ej. 1</subfield>
    <subfield code="w">2015-12-04</subfield>
    <subfield code="y">BK</subfield>
  </datafield>
  <datafield tag="952" ind1=" " ind2=" ">
    <subfield code="0">0</subfield>
    <subfield code="1">0</subfield>
    <subfield code="2">ddc</subfield>
    <subfield code="4">0</subfield>
    <subfield code="7">0</subfield>
    <subfield code="8">GEN</subfield>
    <subfield code="a">MEPLOPEZ</subfield>
    <subfield code="b">MEPLOPEZ</subfield>
    <subfield code="c">GEN</subfield>
    <subfield code="d">2025-04-02</subfield>
    <subfield code="l">0</subfield>
    <subfield code="o">177.7  R47m</subfield>
    <subfield code="p">PLZ00106</subfield>
    <subfield code="r">2025-04-02 12:24:28</subfield>
    <subfield code="t">Ej.1</subfield>
    <subfield code="w">2025-04-02</subfield>
    <subfield code="y">BK</subfield>
  </datafield>
</record>
